000 00321 a2200157 4500
001 175874
020 _a
040 _cMagnum
100 _aPaulino, Wilson Roberto
240 1 0 _aEcologia atual
_lpor
245 1 0 _aEcologia atual
362 0 _a1899
440 1 _aÁtica
697 _aMAGNITO: ECOLOGIA
942 _cBK
999 _c175874
_d175874